000 00879nam a2200205Ia 4500
003 IN-BaIIA
008 211028s9999 xx s 000 0 eng d
020 _a978-1-108-48248-6 (Print)
022 _a1743-9213 (Print)
022 _a1743-9221 (Online)
040 _cIIA Library
100 _aValluri, M., ed.
_923854
245 0 _aGalactic Dynamics in the Era of Large Surveys
_h[eBook]
260 _aCambridge
_bCambridge University Press
_c2019
300 _aOnline resource
490 _aIAU Symposium; no. 353
700 _aSellwood, J. A., ed.
_916590
856 _uhttps://www.cambridge.org/core/journals/proceedings-of-the-international-astronomical-union/issue/galactic-dynamics-in-the-era-of-large-surveys/4DEE5F91E38DE3F0A67F8E4D0968B690
_yClick Here to Access eBook
942 _cEB
999 _c22060
_d22060